| 000 | 00445nam a2200145 a 4500 | ||
|---|---|---|---|
| 001 | 4738 | ||
| 003 | CDMR | ||
| 005 | 20131001165947.0 | ||
| 008 | 130130s1984||||||||||||||||||||||||||||d | ||
| 020 | _a8450506859 | ||
| 040 |
_aCDMR _bcat _cCDMR |
||
| 245 | 0 |
_aGuía del reportero _b: (ENG/EFP Panning guide) _cpreparadapara NANBA por CTV Television Network |
|
| 260 |
_aMadrid _c1984 _bInstituto Oficial de Radio y Televisión Española |
||
| 942 |
_cMON _2udc |
||
| 999 |
_c4738 _d4738 |
||